[Event "Niedersachsen-chT U12"]
[Site "Verden an der Aller"]
[Date "2008.05.01"]
[Round "5.3"]
[White "Eisoldt, Marc Philip"]
[Black "Michalik, Marina"]
[Result "1-0"]
[WhiteElo "785"]
[BlackElo "1176"]
[PlyCount "143"]
[EventDate "2008.05.01"]
[EventType "team"]
[EventRounds "7"]
[EventCountry "GER"]
[SourceTitle "EXT 2009"]
[Source "ChessBase"]
[SourceDate "2008.11.26"]
[SourceVersion "1"]
[SourceVersionDate "2008.11.26"]
[SourceQuality "1"]

1. d4 d5 2. c4 c6 3. Nc3 Nf6 4. Bg5 e6 5. Nf3 Nbd7 6. e3 Bd6 7. Bd3 dxc4 8. Bxc4 h6 9. Bh4 Qc7 10. 0-0 0-0 11. h3 Re8 12. a3 Nd5 13. Bxd5 exd5 14. Qd3 Be7 15. Bxe7 Rxe7 16. Rae1 Nf6 17. e4 dxe4 18. Nxe4 Nxe4 19. Rxe4 Rxe4 20. Qxe4 Be6 21. b4 Re8 22. g4 Qd7 23. Re1 Rd8 24. Rd1 Bd5 25. Qf4 Qe7 26. Rd3 Rd6 27. Re3 Qd8 28. Kg2 Rf6 29. Qe5 Kh7 30. Kg3 Bxf3 31. Rxf3 Rxf3+ 32. Kxf3 Kg8 33. Qc5 Qb6 34. Qxb6 axb6 35. Ke4 Kf8 36. d5 Ke7 37. dxc6 bxc6 38. Kd4 Kd6 39. Kc4 g6 40. f3 b5+ 41. Kc3 g5 42. Kd4 f6 43. Ke4 Ke6 44. f4 Kd6 45. fxg5 fxg5 46. Kd4 Ke6 47. Kc5 Ke5 48. Kxc6 Kf4 49. Kxb5 Kg3 50. a4 Kxh3 51. a5 Kxg4 52. a6 h5 53. a7 h4 54. a8Q h3 55. Qe4+ Kg3 56. Kc4 h2 57. b5 Kf2 58. b6 Kg1 59. b7 h1Q 60. Qxh1+ Kxh1 61. b8Q g4 62. Qb1+ Kg2 63. Qc2+ Kh3 64. Kd4 g3 65. Ke4 g2 66. Kf3 Kh4 67. Qxg2 Kh5 68. Kf4 Kh6 69. Kf5 Kh7 70. Kf6 Kh8 71. Kf7 Kh7 72. Qg7# 1-0